Antología siglo XX: prosistas españoles semblanzas y comentarios
Zapisane w:
| 1. autor: | |
|---|---|
| Format: | Książka |
| Język: | hiszpański |
| Wydane: |
Buenos Aires
Espasa-Calpe
1943
|
| Seria: | Colección Austral, 330
|
| Hasła przedmiotowe: | |
| Etykiety: |
Dodaj etykietę
Nie ma etykietki, Dołącz pierwszą etykiete!
|
MARC
| LEADER | 00000nam a2200000 a 4500 | ||
|---|---|---|---|
| 001 | UCZ4988 | ||
| 003 | CL-VaPUC | ||
| 005 | 20221118161219.0 | ||
| 008 | 951115e19430000AG |||||||||||||||||spa|d | ||
| 999 | |c 241325 |d 241323 | ||
| 040 | |c Pontificia Universidad Católica de Valparaíso | ||
| 082 | 0 | 4 | |a 863.09 |b MAE |2 21 |
| 100 | |a Maeztu, María de |e autora |9 378351 | ||
| 245 | 1 | 0 | |a Antología siglo XX: prosistas españoles semblanzas y comentarios |
| 260 | |a Buenos Aires |b Espasa-Calpe |c 1943 | ||
| 300 | |a 279 p | ||
| 490 | 0 | |a Colección Austral, 330 | |
| 583 | |a last modification |c 19951115 00:00:00 |k Rodrigo Vera | ||
| 600 | 0 | 7 | |a UNAMUNO, MIGUEL DE |2 CL-VaPUC |9 312478 |
| 600 | 0 | 7 | |a Ortega y Gasset, José, |d 1883-1955 |9 551380 |
| 600 | 0 | 7 | |a ONIS, FEDERICO DE |2 CL-VaPUC |9 348952 |
| 600 | 0 | |a Miró, Gabriel, |d 1879-1930 |9 481193 | |
| 600 | 0 | 7 | |a PEREZ DE AYALA, RAMON |2 CL-VaPUC |9 348953 |
| 650 | 7 | |a PROSA ESPAÑOLA |2 CL-VaPUC |9 321304 | |
| 650 | 0 | |a Crítica literaria |9 269189 | |
| 942 | |c BK |2 ddc | ||
| 945 | |d 19951115 00:00:00 |a rleighto | ||
| 952 | |0 0 |1 0 |4 0 |6 863_090000000000000_MAE_1943 |7 0 |8 A |9 253620 |a BIBEDU |b BIBEDU |d 2019-11-19 |i 314979K |o 863.09 MAE 1943 |p 314979K |r 2019-11-19 |w 2019-11-19 |y BK |k LIT | ||